[Event "Titled Tuesday intern op 02nd Jan Early"]
[Site "Chess.com INT"]
[Date "2024.01.02"]
[Round "5"]
[White "Oganian, Miran"]
[Black "Fiedorek, Michal"]
[Result "1-0"]
[WhiteElo "2434"]
[BlackElo "2286"]
[PlyCount "53"]
[EventDate "2024.01.02"]
[EventType "swiss (blitz)"]
[EventRounds "11"]
[EventCountry "USA"]
[SourceTitle "EXT 2025"]
[Source "ChessBase"]
[SourceDate "2024.10.14"]
[SourceVersion "1"]
[SourceVersionDate "2024.10.14"]
[SourceQuality "1"]

1. e4 c5 2. Nf3 d6 3. Bb5+ Nd7 4. d4 cxd4 5. Qxd4 a6 6. Bxd7+ Bxd7 7. c4 Nf6 8. Nc3 e5 9. Qd3 h6 10. 0-0 Rc8 11. Nd2 Qc7 12. b3 b5 13. Rd1 Be7 14. Bb2 b4 15. Ne2 Bc6 16. Ng3 Qb7 17. f3 Bd7 18. Ndf1 0-0 19. Ne3 g6 20. Kh1 h5 21. Rf1 h4 22. Ne2 Nh5 23. Nd5 Bg5 24. f4 exf4 25. Nexf4 Nxf4 26. Rxf4 f5 27. Qd4 1-0

[Event "Titled Tuesday intern op 02nd Jan Early"]
[Site "Chess.com INT"]
[Date "2024.01.02"]
[Round "6"]
[White "Oganian, Miran"]
[Black "Przybylski, Wojciech"]
[Result "1-0"]
[WhiteElo "2434"]
[BlackElo "2308"]
[PlyCount "147"]
[EventDate "2024.01.02"]
[EventType "swiss (blitz)"]
[EventRounds "11"]
[EventCountry "USA"]
[SourceTitle "EXT 2025"]
[Source "ChessBase"]
[SourceDate "2024.10.14"]
[SourceVersion "1"]
[SourceVersionDate "2024.10.14"]
[SourceQuality "1"]

1. e4 e5 2. Nf3 Nc6 3. Nc3 Nf6 4. d4 exd4 5. Nxd4 Bb4 6. Nxc6 bxc6 7. Bd3 d5 8. exd5 0-0 9. 0-0 cxd5 10. h3 c6 11. Qf3 Re8 12. Bf4 Bd6 13. Rfe1 Be6 14. Ne2 Rb8 15. b3 Qc7 16. Bxd6 Qxd6 17. Qg3 Qxg3 18. Nxg3 g6 19. f4 Bd7 20. c4 d4 21. Re5 Be6 22. Rae1 Red8 23. f5 gxf5 24. Nxf5 Rd7 25. Rf1 Ne8 26. Rf4 Bxf5 27. Rexf5 h6 28. Rh5 Kg7 29. Rg4+ Kf8 30. Rxh6 c5 31. Rh8+ Ke7 32. Re4+ Kf6 33. Rhxe8 Rb6 34. R8e5 Rc7 35. g4 a5 36. Rf5+ Kg7 37. Ree5 Re6 38. Rg5+ Kf6 39. Rgf5+ Ke7 40. Rxc5 Rxc5 41. Rxc5 Re3 42. Bf1 Ke6 43. Rd5 Rc3 44. Rxd4 Rc2 45. Re4+ Kd6 46. Re2 Rc3 47. Rf2 Ke7 48. Kg2 a4 49. bxa4 Ra3 50. Rc2 Rxa4 51. c5 Kd8 52. c6 Kc7 53. Be2 f6 54. h4 Rb4 55. h5 Rb8 56. Bd3 Rd8 57. Bf5 Ra8 58. h6 Rh8 59. h7 Re8 60. a4 Rd8 61. a5 Rh8 62. a6 Ra8 63. a7 Rh8 64. Ra2 Ra8 65. h8N Kxc6 66. Nf7 Kc5 67. Be4 Rg8 68. a8Q Rxg4+ 69. Kh2 Rh4+ 70. Kg3 Rh5 71. Qc6+ Kd4 72. Rd2+ Ke3 73. Qc3+ Kxe4 74. Qf3# 1-0

[Event "RUS-chT Blitz"]
[Site "Sochi"]
[Date "2023.10.17"]
[Round "10.23"]
[White "Oganian, Miran"]
[Black "Garifullina, Leya"]
[Result "1/2-1/2"]
[WhiteElo "2433"]
[BlackElo "2402"]
[PlyCount "84"]
[EventDate "2023.10.17"]
[EventType "team-swiss (blitz)"]
[EventRounds "13"]
[EventCountry "RUS"]
[SourceTitle "CBM 216 Extra"]
[Source "ChessBase"]
[SourceDate "2023.11.30"]
[SourceVersion "1"]
[SourceVersionDate "2023.11.30"]
[SourceQuality "1"]
[WhiteTeam "Krasnodarsk Region"]
[BlackTeam "Sverdlovsk Region Malakhit"]
[WhiteTeamCountry "RUS"]
[BlackTeamCountry "RUS"]

1. d4 Nf6 2. c4 e6 3. g3 d5 4. Nf3 Bb4+ 5. Bd2 Be7 6. Bg2 0-0 7. 0-0 c6 8. Qc2 Nbd7 9. Rd1 a5 10. Bf4 b6 11. Nc3 Ba6 12. Ne5 Nxe5 13. dxe5 Nd7 14. cxd5 cxd5 15. e4 d4 16. Rxd4 Bc5 17. Rd2 Qe7 18. h4 h6 19. Rad1 Rad8 20. a3 g5 21. hxg5 hxg5 22. Bxg5 Qxg5 23. Rxd7 Rxd7 24. Rxd7 Qxe5 25. Na4 Rc8 26. Nxc5 Rxc5 27. Qd2 Kg7 28. f4 Qh5 29. Qd4+ e5 30. Qd2 Qg4 31. Rd5 Qxg3 32. Rxc5 bxc5 33. fxe5 Qxe5 34. Qxa5 Qd4+ 35. Kh2 Qe5+ 36. Kg1 Qd4+ 37. Kh2 Qe5+ 38. Kg1 Qd4+ 39. Kh2 Qe5+ 40. Kg1 Qd4+ 41. Kh2 Qe5+ 42. Kg1 Qd4+ 1/2-1/2

[Event "RUS-ch Rapid"]
[Site "Sochi"]
[Date "2023.10.16"]
[Round "8"]
[White "Oganian, Miran"]
[Black "Khudyakov, Stanislav"]
[Result "0-1"]
[WhiteElo "2433"]
[BlackElo "2236"]
[PlyCount "122"]
[EventDate "2023.10.15"]
[EventType "swiss (rapid)"]
[EventRounds "11"]
[EventCountry "RUS"]
[SourceTitle "CBM 216 Extra"]
[Source "ChessBase"]
[SourceDate "2023.11.30"]
[SourceVersion "1"]
[SourceVersionDate "2023.11.30"]
[SourceQuality "1"]

1. d4 Nf6 2. c4 e6 3. g3 c5 4. d5 exd5 5. cxd5 d6 6. Nc3 g6 7. Nf3 Bg7 8. Bg2 0-0 9. 0-0 Re8 10. Re1 a6 11. a4 Nbd7 12. h3 Rb8 13. a5 b5 14. axb6 Rxb6 15. Qc2 Rb4 16. Nd2 Nb6 17. Rd1 Qe7 18. e4 c4 19. Na4 Nfd7 20. Kh2 h5 21. f4 h4 22. g4 g5 23. fxg5 Nxa4 24. Rxa4 Rxa4 25. Qxa4 c3 26. bxc3 Nc5 27. Qc4 Bd7 28. Qe2 Qe5+ 29. Kh1 Qxc3 30. Qf3 Qxf3 31. Bxf3 Nd3 32. Rf1 Rc8 33. Ba3 Rc2 34. g6 Rxd2 35. gxf7+ Kxf7 36. Bxd6 Nf2+ 37. Kg2 Nxg4+ 38. Be2+ Kg6 39. hxg4 Bxg4 40. Rf4 Bxe2 41. Rxh4 Bf6 42. Rh2 Bc4+ 43. Kf3 Rxh2 44. Bxh2 a5 45. Ke3 Bb2 46. Bc7 a4 47. d6 Be6 48. Kd3 Be5 49. Bb8 a3 50. d7 Bf6 51. Bd6 a2 52. Be5 Bxe5 53. d8Q a1Q 54. Qe8+ Bf7 55. Qc6+ Kg7 56. Qb7 Qd1+ 57. Ke3 Bd4+ 58. Kf4 Qf1+ 59. Kg4 Be5 60. Qe7 Qf4+ 61. Kh3 Qg3# 0-1

[Event "RUS-ch Rapid"]
[Site "Sochi"]
[Date "2023.10.15"]
[Round "3"]
[White "Ivanov, Maxim1111"]
[Black "Oganian, Miran"]
[Result "0-1"]
[WhiteElo "1704"]
[BlackElo "2433"]
[PlyCount "118"]
[EventDate "2023.10.15"]
[EventType "swiss (rapid)"]
[EventRounds "11"]
[EventCountry "RUS"]
[SourceTitle "CBM 216 Extra"]
[Source "ChessBase"]
[SourceDate "2023.11.30"]
[SourceVersion "1"]
[SourceVersionDate "2023.11.30"]
[SourceQuality "1"]

1. e4 c5 2. c3 d5 3. exd5 Qxd5 4. d4 Nc6 5. Nf3 Bf5 6. Na3 cxd4 7. cxd4 e6 8. Nb5 Bb4+ 9. Bd2 Bxd2+ 10. Qxd2 Rc8 11. Qf4 Ke7 12. Be2 Nf6 13. 0-0 Rhd8 14. Rfd1 a6 15. Nc3 Qd6 16. Qg5 Kf8 17. Rac1 h6 18. Qh4 b5 19. h3 Kg8 20. g4 Bg6 21. g5 hxg5 22. Qxg5 Ne4 23. Qg4 Nxc3 24. bxc3 Qd5 25. c4 Qe4 26. cxb5 axb5 27. Bxb5 Nb4 28. Qxe4 Bxe4 29. Ng5 Bf5 30. a3 Nc2 31. a4 f6 32. Nf3 Bxh3 33. Ne1 Nxe1 34. Rxe1 Ra8 35. Red1 Bg4 36. Rd2 Bf3 37. Rc7 Rd5 38. Rc5 Rad8 39. Rxd5 Rxd5 40. Kh2 Rg5 41. Bf1 Bc6 42. Ra2 Ra5 43. Bc4 Kf7 44. Bb3 Ke7 45. f4 Kd6 46. Re2 Bd5 47. Bc2 Ra8 48. Kg3 Rc8 49. Kh4 Rc3 50. f5 exf5 51. Bxf5 g5+ 52. Kh5 Bf3+ 53. Bg4 Bxe2 54. Bxe2 Re3 55. Bb5 Re4 56. Kg6 Rxd4 57. Kxf6 g4 58. Kf5 g3 59. Bf1 Rd2 0-1

[Event "RUS-ch Blitz"]
[Site "Sochi"]
[Date "2023.10.14"]
[Round "5"]
[White "Oganian, Miran"]
[Black "Shubin, Kirill"]
[Result "1-0"]
[WhiteElo "2433"]
[BlackElo "2440"]
[PlyCount "201"]
[EventDate "2023.10.14"]
[EventType "swiss (blitz)"]
[EventRounds "13"]
[EventCountry "RUS"]
[SourceTitle "CBM 216 Extra"]
[Source "ChessBase"]
[SourceDate "2023.11.30"]
[SourceVersion "1"]
[SourceVersionDate "2023.11.30"]
[SourceQuality "1"]

1. d4 e6 2. c4 Nf6 3. g3 c5 4. d5 exd5 5. cxd5 d6 6. Nc3 a6 7. a4 g6 8. Nf3 Bg7 9. Bg2 0-0 10. 0-0 Nbd7 11. Re1 Re8 12. h3 Rb8 13. a5 b5 14. axb6 Nxb6 15. e4 Nfd7 16. Qc2 Ne5 17. Nxe5 Bxe5 18. Kh2 Nc4 19. Ra2 a5 20. b3 Nb6 21. Bb2 Bd7 22. Rea1 f5 23. Rxa5 f4 24. Nb5 fxg3+ 25. fxg3 Qf6 26. Bxe5 Rxe5 27. Na3 h5 28. Rf1 Qe7 29. Qd2 h4 30. Qf4 hxg3+ 31. Qxg3 Rg5 32. Qf4 Re8 33. Ra7 Nc8 34. Ra6 Rh5 35. Nc4 g5 36. Qg3 g4 37. Nxd6 Nxd6 38. Qxd6 gxh3 39. Qg6+ Qg7 40. Qxg7+ Kxg7 41. Bf3 Rhe5 42. Ra7 R8e7 43. Rg1+ Kh6 44. Ra8 Be8 45. Rd8 Rd7 46. Rc8 Rb7 47. Rg3 Rxb3 48. Rxh3+ Kg7 49. Rg3+ Kf6 50. Rxc5 Rb2+ 51. Rg2 Rb3 52. Rf2 Kg5 53. Bg2 Kg4 54. Rc7 Rh5+ 55. Kg1 Bg6 56. Rc4 Kg3 57. e5 Rb1+ 58. Rf1 Rxf1+ 59. Bxf1 Rxe5 60. Rd4 Be4 61. d6 Bf3 62. d7 Rh5 63. Bg2 Bxg2 64. Rd3+ Bf3 65. Rxf3+ Kxf3 66. d8Q Rf5 67. Qd4 Rf4 68. Qd3+ Kg4 69. Kg2 Kg5 70. Qe3 Kf5 71. Qe7 Rg4+ 72. Kf3 Rg6 73. Qc5+ Kf6 74. Kf4 Kg7 75. Qe7+ Kh6 76. Qf8+ Kh7 77. Qf7+ Rg7 78. Qh5+ Kg8 79. Kf5 Rf7+ 80. Ke6 Rg7 81. Kf6 Ra7 82. Qe8+ Kh7 83. Qe4+ Kg8 84. Qd5+ Kh8 85. Qh5+ Kg8 86. Qe8+ Kh7 87. Qe4+ Kg8 88. Qd5+ Kh8 89. Qe5 Kg8 90. Qe8+ Kh7 91. Qh5+ Kg8 92. Qg4+ Kh8 93. Qh3+ Kg8 94. Qg2+ Kf8 95. Qd5 Ra6+ 96. Kf5 Rh6 97. Qd8+ Kg7 98. Qe7+ Kg8 99. Kg5 Rh1 100. Qe6+ Kh8 101. Qe5+ 1-0